Catálogo

Histología y embriología bucal de Orban / (Registro nro. 59544)

Detalles MARC
000 -LEADER
fixed length control field 01465cam a2200373 i 4500
001 - CONTROL NUMBER
control field 59544
003 - CONTROL NUMBER IDENTIFIER
control field Mx-PuUPA
005 - DATE AND TIME OF LATEST TRANSACTION
control field 20240410104056.0
008 - FIXED-LENGTH DATA ELEMENTS--GENERAL INFORMATION
fixed length control field 140415s2000 mx a fr 001 0 spa d
020 ## - INTERNATIONAL STANDARD BOOK NUMBER
International Standard Book Number 9686899006
040 ## - CATALOGING SOURCE
Original cataloging agency Mx-PuUPA
Language of cataloging spa
Transcribing agency Mx-PuUPA
Modifying agency Mx-PuUPA
Description conventions rda
041 1# - LANGUAGE CODE
Language code of text/sound track or separate title spa
Language code of original eng
240 00 - UNIFORM TITLE
Uniform title Orban's Oral histology embiology.
Language of a work Español
245 10 - TITLE STATEMENT
Title Histología y embriología bucal de Orban /
Statement of responsibility, etc. S. N. Bhaskar ; colaboradores, Gary C. Armitage, Baldev Raj Bhussry [y otros doce] ; traducción, Carlos A. Espinoza García
250 ## - EDITION STATEMENT
Edition statement Onceava edición
264 #4 - PRODUCTION, PUBLICATION, DISTRIBUTION, MANUFACTURE, AND COPYRIGHT NOTICE
Place of production, publication, distribution, manufacture México, D.F. :
Name of producer, publisher, distributor, manufacturer Editorial Prado,
Date of production, publication, distribution, manufacture, or copyright notice ©2000
300 ## - PHYSICAL DESCRIPTION
Extent ix, 489 páginas :
Other physical details ilustraciones ;
Dimensions 23 cm.
336 ## - CONTENT TYPE
Content type term texto
Fuente rdacontent
Content type code txt
337 ## - MEDIA TYPE
Media type term sin medio
Source rdamedia
Media type code n
338 ## - CARRIER TYPE
Carrier type term volumen
Source rdacarrier
Carrier type code nc
650 #4 - SUBJECT ADDED ENTRY--TOPICAL TERM
Topical term or geographic name entry element Maxilares
650 #4 - SUBJECT ADDED ENTRY--TOPICAL TERM
Topical term or geographic name entry element Glándulas salivales
650 #4 - SUBJECT ADDED ENTRY--TOPICAL TERM
Topical term or geographic name entry element Dientes
General subdivision tratamiento médico
700 1# - ADDED ENTRY--PERSONAL NAME
Personal name Bhaskar,m S. N.,
Relator term colaborador
-- editor
700 1# - ADDED ENTRY--PERSONAL NAME
Personal name Armitage, Gary C.,
Relator term colaborador
700 1# - ADDED ENTRY--PERSONAL NAME
Personal name Avery, James K.,
Relator term colaborador
700 1# - ADDED ENTRY--PERSONAL NAME
Personal name Bhussry, Baldev Raj,
Relator term colaborador
700 1# - ADDED ENTRY--PERSONAL NAME
Personal name Espinoza García, Carlos A.,
Relator term traductor
765 18 - ORIGINAL LANGUAGE ENTRY
Main entry heading Bhaskar,m S. N.,
Edition Onceava edición
Place, publisher, and date of publication St. Louis, Missouri : Mosby - Year Book, [Fecha de publicación no identificada].
Title Orban's Oral Histology Embriology
942 ## - ADDED ENTRY ELEMENTS (KOHA)
Source of classification or shelving scheme Dewey Decimal Classification
Koha item type Libro
Classification part 612.31
Item part H673
Existencias
Withdrawn status Lost status Source of classification or shelving scheme Damaged status Not for loan Collection code Home library Current library Shelving location Date acquired Source of acquisition Total Checkouts Full call number Barcode Date last seen Date last checked out Price effective from Koha item type Copy number
    Dewey Decimal Classification     General Biblioteca Karol Wojtyla Biblioteca Karol Wojtyla Sala general 03/12/2013 Compra   612.31 H673 2000 75656 05/01/2026 09/05/2018 15/01/2015 Reserva permanente  
    Dewey Decimal Classification     General Biblioteca Karol Wojtyla Biblioteca Karol Wojtyla Sala general 03/12/2013 Compra 6 612.31 H673 2000 89923 05/01/2026 27/09/2019 03/12/2013 Libro Ej.1